Statistics for U.S. States with the Most Coastline

Click here to take the quiz!

General Stats

  • This quiz has been taken 43 times
    (5 since last reset)
  • The average score is 8 of 10

Answer Stats

RankCoastline (miles)State% Correct
16,640Alaska
100%
3840California
80%
21,350Florida
80%
5397Louisiana
80%
9228Maine
80%
7301North Carolina
80%
8296Oregon
80%
6367Texas
80%
4750Hawaii
60%
10192Massachusetts
60%

Score Distribution

Percentile by Number Answered

Percent of People with Each Score

Your Score History

You have not taken this quiz since the last reset